书目信息 |
| 题名: |
精讲多练MATLAB
|
|
| 作者: | 罗建军 , 杨琦 编著 | |
| 分册: | ||
| 出版信息: | 西安 西安交通大学出版社 2002.08 |
|
| 页数: | 166页 | |
| 开本: | 26cm | |
| 丛书名: | ||
| 单 册: | ||
| 中图分类: | TP391.75 | |
| 科图分类: | ||
| 主题词: | 计算机应用 | |
| 电子资源: | ||
| ISBN: | 7-5605-1557-6 | |
| 000 | 00604nam0 2200205 45 | |
| 001 | 0436488698 | |
| 005 | 20080304083822.98 | |
| 010 | @a7-5605-1557-6@dCNY 15.00 | |
| 100 | @a20040427d2002 km y0chiy0120 ea | |
| 101 | 0 | @achi |
| 102 | @aCN@b610000 | |
| 200 | 1 | @a精讲多练MATLAB@AJing Jiang Duo Lian MATLAB@f罗建军,杨琦编著@FLuo Jian Jun,Yang Qi Bian Zhu |
| 210 | @a西安@c西安交通大学出版社@d2002.08 | |
| 215 | @a166页@d26cm | |
| 606 | 0 | @a计算机应用 |
| 690 | @aTP391.75@v3 | |
| 701 | 0 | @a罗建军@ALuo Jian Jun@4编著 |
| 701 | 0 | @a杨琦@AYang Qi@4编著 |
| 801 | 0 | @aCN@bPFT@c20080304 |
| 905 | @dTP391.75@eL942 | |
| 精讲多练MATLAB/罗建军,杨琦编著.-西安:西安交通大学出版社,2002.08 |
| 166页;26cm |
| ISBN 7-5605-1557-6:CNY 15.00 |
| ● |
| 相关链接 |
|
|
|
正题名:精讲多练MATLAB
索取号:TP391.75/L942
 
预约/预借
| 序号 | 登录号 | 条形码 | 馆藏地/架位号 | 状态 | 备注 |
| 1 | 382573 | 203825735 | 自科库301/301自科库 113排1列6层/ [索取号:TP391.75/L942] | 在馆 | |
| 2 | 382574 | 203825744 | 自科二线404/404自科库 17排2列4层/ [索取号:TP391.75/L942] | 在馆 | |
| 3 | 442350 | 204423506 | 自科库301/301自科库 113排1列6层/ [索取号:TP391.75/L942] | 在馆 | |
| 4 | 479799 | 204797997 | 计算机与数据科学学院资料室/ [索取号:TP391.75/L942] | 在馆 |